Linear Lie Groups /

Đã lưu trong:
Sonraí Bibleagrafaíochta
Príomhúdar: Freudenthal, Hans
Údair Eile: Vries, H. De
Formáid: Sách giấy
Teanga:English
Foilsithe: New York : Academic Press , 1969
Clibeanna: Cuir Clib Leis
Gan Chlibeanna, Bí ar an gcéad duine leis an taifead seo a chlibeáil!
Thư viện lưu trữ: Thư viện Trường Đại học Đà Lạt
LEADER 00599nam a2200253 4500
001 DLU020011405
005 ##1/11/2000
041 # # |a eng 
082 # # |a 512.55  |b FR-H 
090 # # |a 512.55  |b FR-H 
100 # # |a Freudenthal, Hans 
245 # # |a Linear Lie Groups /  |c Freudenthal Hans, Vries H. de 
260 # # |a New York :  |b Academic Press ,  |c 1969 
300 # # |a XX, 546 tr.;   |c 24 cm. 
700 # # |a Vries, H. De 
992 # # |a 11000 
994 # # |a DLU 
900 # # |a False 
911 # # |a Administrator 
925 # # |a G 
926 # # |a A 
927 # # |a SH 
980 # # |a Thư viện Trường Đại học Đà Lạt